00918 2200301 4500001002100000005001500021035002000036007000300056008004100059020002200100082001900122084002100141100003100162245010200193250002000295300002900315650003000344504003300374264003500407336002100442337003000463338002300493040002200516090002200538850001200560999002200572990002200594INLIS00000000086911920220324021716 a0010-0322000785ta220324s2021 yoi g j ind d a978-623-314-139-004223a899.221301 a899.221301 KOR s0 aKornelius SabatePengarang10a111 extraordinary stories :bkisah-kisah luar biasa yang akan mengubah hidupmu /cKornelius Sabat aCetakan Pertama axi, 276 halaman ;c21 cm 4aCerita pendek--xKumpulan aBibliografi: halaman 273-27631aYogyakarta :bPBMR Andi,c2021 2rdacontentateks 2rdamediaatanpa perantara 2rdacarrieravolume aYOPDYOGbinderda aCB-D.11 2021-2540 aYOPDYOG aCB-D.11/2021-2540 aCB-D.11/2021-2540